Employment law for the construction industry : Masons' guide. (Record no. 101194)

MARC details
000 -LEADER
fixed length control field 00925cam a2200265 4500
008 - FIXED-LENGTH DATA ELEMENTS--GENERAL INFORMATION
fixed length control field 000000n2000 000 0 eng u
020 ## - INTERNATIONAL STANDARD BOOK NUMBER
International Standard Book Number 0727728822
035 ## - SYSTEM CONTROL NUMBER
System control number (Sirsi) u111066
050 ## - LIBRARY OF CONGRESS CALL NUMBER
Classification number 346.41024
100 ## - MAIN ENTRY--PERSONAL NAME
Personal name Ryley, Michael
110 ## - MAIN ENTRY--CORPORATE NAME
Corporate name or jurisdiction name as entry element Masons
9 (RLIN) 546
245 ## - TITLE STATEMENT
Title Employment law for the construction industry : Masons' guide.
260 ## - PUBLICATION, DISTRIBUTION, ETC.
Place of publication, distribution, etc. London
Name of publisher, distributor, etc. Thomas Telford
Date of publication, distribution, etc. 2000
300 ## - PHYSICAL DESCRIPTION
Extent xiv,157p. ; 21cm.
350 ## - PRICE (NR) (BK AM CF MU VM SE) [OBSOLETE]
Price 25.00
520 ## - SUMMARY, ETC.
Summary, etc. A guide to dealing with day-to-day employment issues in the construction industry including PAYE/NIC, the Working Time Regulations 1998, pay, training and TUPE. The authors are employment specialists from Masons.
650 ## - SUBJECT ADDED ENTRY--TOPICAL TERM
Topical term or geographic name entry element EMPLOYMENT LAW
650 ## - SUBJECT ADDED ENTRY--TOPICAL TERM
Topical term or geographic name entry element CONSTRUCTION INDUSTRY
650 ## - SUBJECT ADDED ENTRY--TOPICAL TERM
Topical term or geographic name entry element COLLECTIVE BARGAINING
650 ## - SUBJECT ADDED ENTRY--TOPICAL TERM
Topical term or geographic name entry element CONSTRUCTION INDUSTRY SCHEME
650 ## - SUBJECT ADDED ENTRY--TOPICAL TERM
Topical term or geographic name entry element NATIONAL MINIMUM WAGE
690 ## - LOCAL SUBJECT ADDED ENTRY--TOPICAL TERM (OCLC, RLIN)
Topical term or geographic name as entry element LAW-UK
700 ## - ADDED ENTRY--PERSONAL NAME
Personal name Goodwyn, Edward
942 ## - ADDED ENTRY ELEMENTS (KOHA)
Suppress in OPAC 0
Holdings
Withdrawn status Lost status Source of classification or shelving scheme Damaged status Not for loan Home library Current library Shelving location Date acquired Cost, normal purchase price Total Checkouts Full call number Barcode Date last seen Date last checked out Copy number Cost, replacement price Price effective from Koha item type
    Dewey Decimal Classification     London London Books 15/03/2001 25.00 4 346.41024 RYL 30063761 06/08/2019 04/03/2005 1 25.00 06/08/2019 Book